Proposta per a la planificació de la reinserció social a Catalunya / Direcció General de Promoció Social
Descripción Física:
50 p. ; 24 cm
Materias:
Integració social -- Catalunya
MARC
| LEADER | 00000nam a2200000Ia 4500 | ||
|---|---|---|---|
| 001 | 575 | ||
| 008 | 160829s1980 xx 000 0 cat d | ||
| 080 | |a C-1-517 | ||
| 110 | 1 | |a Catalunya. |b Direcció General de Promoció Social |9 56423 | |
| 245 | |a Proposta per a la planificació de la reinserció social a Catalunya / Direcció General de Promoció Social | ||
| 260 | |a Barcelona : |b Servei Central de Publicacions de la Generalitat de Catalunya, |c 1980 | ||
| 300 | |a 50 p. ; |c 24 cm | ||
| 650 | |a Integració social |x Catalunya |9 22153 | ||
| 901 | |a Arxiu | ||
| 942 | |n 1 | ||
| 952 | |0 0 |1 0 |4 0 |6 C1517 |7 1 |9 41452 |a Arxiu |b Arxiu |d 2016-12-01 |l 0 |o C-1-517 |p 575 |r 2016-12-01 00:00:00 |w 2016-12-01 |y ARXIU | ||
| 999 | |c 43259 |d 43259 | ||